ALGEBRA (B.A/B.Sc SEM.-1) (Record no. 10190)
[ view plain ]
| 000 -LEADER | |
|---|---|
| fixed length control field | 00294nam a22001337a 4500 |
| 003 - CONTROL NUMBER IDENTIFIER | |
| control field | SGT |
| 082 ## - DEWEY DECIMAL CLASSIFICATION NUMBER | |
| Classification number | JAI 510 |
| 100 ## - MAIN ENTRY--PERSONAL NAME | |
| Personal name | JAIN,M.L |
| 245 ## - TITLE STATEMENT | |
| Title | ALGEBRA (B.A/B.Sc SEM.-1) |
| 260 ## - PUBLICATION, DISTRIBUTION, ETC. (IMPRINT) | |
| Place of publication, distribution, etc | NEW DELHI |
| Name of publisher, distributor, etc | JEEVAN SONS |
| Year of Publication | 2016 |
| 300 ## - PAGE DESCRIPTION | |
| No. of Pages | V.P. |
| 650 ## - SUBJECT ADDED ENTRY--TOPICAL TERM | |
| Topical term or geographic name as entry element | MATHEMATICS, ALGEBRA |
| 942 ## - ADDED ENTRY ELEMENTS (KOHA) | |
| Source of classification or shelving scheme | Dewey Decimal Classification |
| Koha item type | FPS Books |
| 942 ## - ADDED ENTRY ELEMENTS (KOHA) | |
| -- | 8 |
| Withdrawn status | Lost status | Source of classification or shelving scheme | Damaged status | Not for loan | Collection code | Home library | Current library | Shelving location | Date acquired | Vendor Name | Cost, normal purchase price | SGTU | Bill Number | Total Checkouts | Full call number | Accession No. (Barcode) | Date last seen | Date last borrowed | Bill Date | Koha item type |
|---|---|---|---|---|---|---|---|---|---|---|---|---|---|---|---|---|---|---|---|---|
| Dewey Decimal Classification | SCIENCE | SGT Science & Social Sciences Library | SGT Science & Social Sciences Library | Text Book | 13/12/2016 | UNIVERSAL BOOK | 210.00 | SGTU | 337 | 4 | JAI 510 | PS2979 | 04/08/2025 | 04/08/2025 | 20/10/2016 | FPS Books | ||||
| Dewey Decimal Classification | SCIENCE | SGT Science & Social Sciences Library | SGT Science & Social Sciences Library | Text Book | 13/12/2016 | UNIVERSAL BOOK | 210.00 | SGTU | 337 | 4 | JAI 510 | PS2980 | 29/07/2025 | 29/07/2025 | 20/10/2016 | FPS Books | ||||
| Dewey Decimal Classification | SCIENCE | SGT Science & Social Sciences Library | SGT Science & Social Sciences Library | Text Book | 13/12/2016 | UNIVERSAL BOOK | 210.00 | SGTU | 337 | 11 | JAI 510 | PS2981 | 10/06/2025 | 28/05/2025 | 20/10/2016 | FPS Books | ||||
| Dewey Decimal Classification | SCIENCE | SGT Science & Social Sciences Library | SGT Science & Social Sciences Library | Text Book | 13/12/2016 | UNIVERSAL BOOK | 210.00 | SGTU | 337 | 10 | JAI 510 | PS2982 | 05/08/2025 | 05/08/2025 | 20/10/2016 | FPS Books | ||||
| Dewey Decimal Classification | SCIENCE | SGT Science & Social Sciences Library | SGT Science & Social Sciences Library | Text Book | 13/12/2016 | UNIVERSAL BOOK | 210.00 | SGTU | 337 | 5 | JAI 510 | PS2983 | 22/06/2022 | 23/05/2022 | 20/10/2016 | FPS Books |